| 000 | 00362nam a22001577a 4500 | ||
|---|---|---|---|
| 999 |
_c528121 _d528121 |
||
| 003 | NUST | ||
| 020 | _qP/B. | ||
| 038 | _awaseem | ||
| 082 |
_a297.1229 _bKHA |
||
| 100 |
_aKhan, Anwar Ali _919696 |
||
| 245 |
_aLast Chance / _cAnwar Ali Khan |
||
| 250 | _a2nd ed. | ||
| 260 |
_aLahore : _bAl Maktaba tal Ilmiya, _c2015. |
||
| 300 | _a489 p. ; | ||
| 942 |
_2ddc _cBK |
||